Vzťahy Alexandra Matušku k slovenskému literárnemu romantizmu

Bibliographic Details
Main Author: Gombala, Eduard, 1932-2019 (Author)
Format: Article
Language:Slovak
Subjects:

MARC

LEADER 00000nab a2200000 a 4500
001 vtls000261596
003 SK-MaSNL
005 20260304195853.0
008 160215c1986 xo 0 slo
015 |a SNBRA19rr/mm-uuuuu 
035 |a CL0271710 
040 |a SNKBUCL  |b slo  |c SNKBUCL  |e AACR2 
041 0 |a slo 
044 |a xo  |c SK 
080 |a 82:929:885.4  |2 1981 
080 |a 929  |2 1981 
080 |a 885.4  |2 1981 
080 |a 82.09  |2 1981 
080 |a 82.015  |2 1981 
080 |a 82(091)  |2 1981 
100 1 |a Gombala, Eduard,  |d 1932-2019  |4 aut  |9 110729 
245 1 0 |a Vzťahy Alexandra Matušku k slovenskému literárnemu romantizmu  |c Eduard Gombala 
500 |a it. 40 zázn. v slov. 
600 1 7 |a Matuška, Alexander,  |d 1910-1975  |2 snkbucl  |9 257897 
650 0 7 |a literatúra slovenská  |x romantizmus  |2 snkbucl  |9 1239285 
650 0 7 |a romantizmus  |x literatúra slovenská  |2 snkbucl  |9 991490 
655 7 |a články zo zborníkov  |2 snkbucl  |9 166140 
655 7 |a články z odboru literárna veda a krásna literatúra  |2 snkbucl  |9 770045 
773 0 |t Alexander Matuška 1910-1975  |d Martin : Osveta, 1986 
850 |a Slovenská národná knižnica v Martine  |a MTA001 
852 |a SNK  |b KIS3GCP 
958 |a BX 
958 |a NB 
958 |a RK 
958 |a LX 
992 |a RZB 
999 |c 3083358  |d 3085288